[Event "TUR Cup"]
[Site "Antalya"]
[Date "2020.01.31"]
[Round "9"]
[White "Atabey, Koray Ibrahim"]
[Black "Erdal, Kerem"]
[Result "1-0"]
[WhiteElo "1450"]
[BlackElo "1691"]
[PlyCount "63"]
[EventDate "2020.01.26"]
[EventType "swiss"]
[EventRounds "11"]
[EventCountry "TUR"]
[SourceTitle "CBM 194 Extra"]
[Source "ChessBase"]
[SourceDate "2020.03.31"]
[SourceVersion "1"]
[SourceVersionDate "2020.03.31"]
[SourceQuality "1"]

1. d4 d5 2. c4 e6 3. e3 Nf6 4. Nf3 c5 5. Bd3 Nc6 6. 0-0 Bd6 7. Nc3 0-0 8. Re1 b6 9. a3 Bb7 10. b3 a6 11. Bc2 cxd4 12. exd4 dxc4 13. bxc4 Na5 14. Qd3 h6 15. Nd2 Qc7 16. g3 Qc6 17. d5 Qd7 18. Nde4 Nxe4 19. Nxe4 f5 20. Nxd6 Qxd6 21. Rxe6 Qc5 22. Bxh6 Qxc4 23. Rg6 Kh7 24. Qe3 Qxd5 25. Rxg7+ Kh8 26. Rxb7 Qxb7 27. Qe5+ Kg8 28. Bxf5 Rfe8 29. Be6+ Kh7 30. Bf4 Rxe6 31. Qxe6 Rg8 32. Qh6# 1-0

[Event "TUR Cup"]
[Site "Antalya"]
[Date "2020.01.30"]
[Round "8"]
[White "Kapusuz, Hasan Huseyin"]
[Black "Atabey, Koray Ibrahim"]
[Result "1/2-1/2"]
[WhiteElo "1605"]
[BlackElo "1450"]
[PlyCount "108"]
[EventDate "2020.01.26"]
[EventType "swiss"]
[EventRounds "11"]
[EventCountry "TUR"]
[SourceTitle "CBM 194 Extra"]
[Source "ChessBase"]
[SourceDate "2020.03.31"]
[SourceVersion "1"]
[SourceVersionDate "2020.03.31"]
[SourceQuality "1"]

1. e4 c6 2. d4 d5 3. e5 e6 4. Bd3 c5 5. c3 Nc6 6. Ne2 cxd4 7. cxd4 Bb4+ 8. Nbc3 Nge7 9. 0-0 Ng6 10. a3 Be7 11. Bc2 0-0 12. Nf4 Nxf4 13. Bxf4 f6 14. Qh5 f5 15. Rad1 g6 16. Qh6 Rf7 17. Rfe1 Bf8 18. Qh3 Kh8 19. Qg3 Be7 20. Qf3 Qb6 21. Na4 Qd8 22. g3 b6 23. Nc3 Ba6 24. Bb3 Na5 25. Ba2 Rc8 26. Rc1 Bc4 27. Bxc4 Rxc4 28. Nb5 g5 29. Bd2 g4 30. Qd3 a6 31. Bxa5 axb5 32. Bd2 Bg5 33. b3 Bxd2 34. Qxd2 Rxc1 35. Rxc1 Rc7 36. Rxc7 Qxc7 37. Qb4 Kg7 38. Qxb5 Qc1+ 39. Kg2 Qc7 40. a4 Kf7 41. b4 Ke7 42. a5 Qc2 43. axb6 Qe4+ 44. Kf1 Qb1+ 45. Ke2 Qc2+ 46. Kf1 Qd1+ 47. Kg2 Qf3+ 48. Kg1 Qd1+ 49. Qf1 Qxd4 50. b7 Qxb4 51. Qa6 Qb1+ 52. Kg2 Qe4+ 53. Kf1 Qb1+ 54. Ke2 Qc2+ 1/2-1/2

[Event "TUR Cup"]
[Site "Antalya"]
[Date "2019.02.01"]
[Round "9"]
[White "Capan, Firat"]
[Black "Atabey, Koray Ibrahim"]
[Result "0-1"]
[WhiteElo "1155"]
[BlackElo "1482"]
[PlyCount "46"]
[EventDate "2019.01.27"]
[EventType "swiss"]
[EventRounds "11"]
[EventCountry "TUR"]
[SourceTitle "CBM 188 Extra"]
[Source "ChessBase"]
[SourceDate "2019.02.26"]
[SourceVersion "1"]
[SourceVersionDate "2019.02.26"]
[SourceQuality "1"]

1. e4 e5 2. Nf3 Nf6 3. Nc3 Nc6 4. Bb5 Bc5 5. 0-0 d6 6. d3 Bg4 7. Nd5 0-0 8. Bg5 Nd4 9. Bxf6 gxf6 10. Bc4 Nxf3+ 11. gxf3 Bh3 12. Qd2 Kh8 13. Kh1 Bxf1 14. Qh6 Bg2+ 15. Kxg2 Rg8+ 16. Kh1 Rg6 17. Qh5 Bxf2 18. Nc3 Qg8 19. Ne2 Qg7 20. Rf1 Rg8 21. Ng3 Bxg3 22. Bxf7 Qxf7 23. hxg3 Rxg3 0-1

[Event "TUR-chT2"]
[Site "Konya"]
[Date "2018.07.14"]
[Round "7.29"]
[White "Atabey, Koray Ibrahim"]
[Black "Karaca, Ramazan"]
[Result "0-1"]
[WhiteElo "1465"]
[BlackElo "1434"]
[PlyCount "122"]
[EventDate "2018.07.10"]
[EventType "team-swiss"]
[EventRounds "9"]
[EventCountry "TUR"]
[SourceTitle "EXT 2019"]
[Source "ChessBase"]
[SourceDate "2018.10.10"]
[SourceVersion "1"]
[SourceVersionDate "2018.10.10"]
[SourceQuality "1"]
[WhiteTeam "Mus Dernegi"]
[BlackTeam "Osmaniye Duzici Okyanus"]
[WhiteTeamCountry "TUR"]
[BlackTeamCountry "TUR"]

1. e4 e5 2. Nf3 Nf6 3. Nc3 Nc6 4. Bc4 Bc5 5. 0-0 0-0 6. d3 h6 7. Be3 Bxe3 8. fxe3 d6 9. Qe1 Na5 10. Bb3 Nxb3 11. axb3 Re8 12. Qg3 Nh5 13. Qf2 Nf6 14. Rae1 Bd7 15. Qh4 c6 16. Nd2 Qe7 17. d4 Rad8 18. Ra1 a6 19. Rae1 c5 20. d5 Nxd5 21. Qxe7 Nxe7 22. Nc4 Bb5 23. Nxb5 axb5 24. Na3 b4 25. Nb5 Rd7 26. Ra1 d5 27. exd5 Nxd5 28. Rfd1 Red8 29. Kf2 Nf6 30. Rxd7 Rxd7 31. Ke2 Kf8 32. Ra8+ Ke7 33. Rc8 Ne4 34. Rc7 f5 35. Kf3 h5 36. h3 g5 37. g4 Rxc7 38. Nxc7 Nd2+ 39. Ke2 hxg4 40. hxg4 Ne4 41. Kf3 Nd6 42. gxf5 Nxf5 43. Nd5+ Ke6 44. Nc7+ Kd6 45. Ne8+ Ke7 46. Nc7 g4+ 47. Ke2 e4 48. c3 bxc3 49. bxc3 g3 50. Nd5+ Kd6 51. c4 b5 52. Nc3 bxc4 53. bxc4 Ke5 54. Na4 Nd6 55. Nb2 Kf5 56. Kf1 Kg4 57. Kg2 Nf5 58. Nd1 Nh4+ 59. Kg1 Kf3 60. Kf1 g2+ 61. Kg1 Kg3 0-1

[Event "TUR Cup										"]
[Site "Antalya"]
[Date "2018.02.01"]
[Round "9"]
[White "Ozates, Mert"]
[Black "Atabey, Koray Ibrahim"]
[Result "1-0"]
[WhiteElo "1821"]
[BlackElo "1474"]
[PlyCount "89"]
[EventDate "2018.01.27"]
[EventType "swiss"]
[EventRounds "11"]
[EventCountry "TUR"]
[SourceTitle "CBM 182 Extra"]
[Source "ChessBase"]
[SourceDate "2018.02.23"]
[SourceVersion "1"]
[SourceVersionDate "2018.02.23"]
[SourceQuality "1"]

1. e4 e5 2. Bc4 Nc6 3. Nf3 Bc5 4. c3 d6 5. d3 Nf6 6. 0-0 0-0 7. Bb3 Bg4 8. Nbd2 h6 9. Re1 Ne7 10. Nf1 Ng6 11. h3 Be6 12. Bc2 Qd7 13. a4 a5 14. d4 exd4 15. cxd4 Bb4 16. d5 Bxh3 17. gxh3 Bxe1 18. Nxe1 Qxh3 19. Qf3 Qxf3 20. Nxf3 Rfe8 21. Ng3 Ng4 22. Bd2 N4e5 23. Nd4 Nc4 24. Bc3 Nge5 25. Bb3 Nb6 26. Nb5 Re7 27. Nf5 Rd7 28. Kg2 Nc8 29. f4 Nd3 30. Kf3 Nc5 31. Bc2 c6 32. dxc6 bxc6 33. Nbd4 Ne7 34. Nxe7+ Rxe7 35. Nxc6 Rc7 36. Nxa5 Ne6 37. Nb3 Rac8 38. Ke3 g6 39. Rd1 Rc6 40. Nd4 Nxd4 41. Rxd4 f6 42. a5 Kf7 43. Ra4 Rc4 44. Rxc4 Rxc4 45. Bb3 1-0

[Event "TUR Cup										"]
[Site "Antalya"]
[Date "2018.01.30"]
[Round "5"]
[White "Atabey, Koray Ibrahim"]
[Black "Eremkere, Mehmet Halil"]
[Result "0-1"]
[WhiteElo "1474"]
[BlackElo "1748"]
[PlyCount "173"]
[EventDate "2018.01.27"]
[EventType "swiss"]
[EventRounds "11"]
[EventCountry "TUR"]
[SourceTitle "CBM 182 Extra"]
[Source "ChessBase"]
[SourceDate "2018.02.23"]
[SourceVersion "1"]
[SourceVersionDate "2018.02.23"]
[SourceQuality "1"]

1. e4 d6 2. d4 g6 3. Nf3 Bg7 4. Be3 Nf6 5. Bd3 Nbd7 6. Nc3 0-0 7. h3 c5 8. Qd2 Re8 9. 0-0 a6 10. e5 cxd4 11. Bxd4 dxe5 12. Nxe5 Nxe5 13. Bxe5 Qa5 14. Rfe1 Be6 15. Qe2 Rac8 16. Qf3 Rc5 17. Bd4 Rc7 18. a3 Rec8 19. b4 Qg5 20. Re5 Qh4 21. Ne2 Bc4 22. c3 Bxd3 23. Qxd3 e6 24. Ng3 Nd5 25. Re4 Qd8 26. Bxg7 Kxg7 27. c4 Qf6 28. Rae1 Nb6 29. c5 Rd7 30. Qb3 Nd5 31. Rg4 Qc3 32. Qxc3+ Nxc3 33. Nh5+ Kh8 34. Nf6 Rd3 35. h4 Rcd8 36. h5 Kg7 37. Ne4 Nxe4 38. Rgxe4 Rxa3 39. hxg6 hxg6 40. Rc1 Rd2 41. c6 bxc6 42. Rxc6 Raa2 43. Rf4 e5 44. Rf3 e4 45. Rf4 e3 46. fxe3 Rxg2+ 47. Kh1 Rge2 48. Rcf6 Ra1+ 49. Rf1 Rxf1+ 50. Rxf1 Rxe3 51. Ra1 Rb3 52. Ra4 Rb2 53. Kg1 g5 54. Kf1 g4 55. b5 Rxb5 56. Rxg4+ Kf6 57. Ke2 Rd5 58. Ke3 Ke6 59. Rh4 Ra5 60. Kd3 Rd5+ 61. Kc4 Rd7 62. Rh5 Rc7+ 63. Kd4 Ra7 64. Ra5 Kd6 65. Kc4 Kc6 66. Rf5 Kd6 67. Ra5 Ke6 68. Kd4 Ra8 69. Ke4 Kf6 70. Kf4 Kg6 71. Rg5+ Kh6 72. Ra5 Kg6 73. Rg5+ Kf6 74. Ra5 Ra7 75. Ke4 Re7+ 76. Kf4 Re6 77. Rf5+ Ke7 78. Ra5 Kd7 79. Rf5 f6 80. Ra5 Kc7 81. Kf5 Rc6 82. Ke4 Kb6 83. Rf5 a5 84. Kd4 a4 85. Rf3 Kb5 86. Rf1 a3 87. Rb1+ 0-1